| 000 | 01238nam a2200289 i 4500 | ||
|---|---|---|---|
| 001 | 187454 | ||
| 003 | SpMaBN | ||
| 005 | 20230906222929.0 | ||
| 008 | 170705s1993 sp |||| | spa d | ||
| 020 | _a84-7252-924-X | ||
| 080 | _a342.7(5/6=927) | ||
| 245 | 0 | 0 |
_aDemocracia y derechos humanos en el mundo árabe / _cbajo la dirección de Gema Martín Muñoz ; [prólogo, Antonio Remiro Brotóns]. |
| 260 |
_aMadrid : _bAgencia Española de Cooperación Internacional : _bInstituto de Cooperación con el Mundo Árabe, _c1993. |
||
| 300 |
_a367 p. ; _c24 cm. |
||
| 490 | 1 |
_aPolítica árabe contemporánea ; _v4 |
|
| 500 | _aApéndice documental / preparado y traducido por Mª Ángeles López Plaza y Almudena Ruiz Ibáñez. | ||
| 504 | _aBibliografía: p. 287-294. | ||
| 546 | _aTextos en español y francés. | ||
| 650 | 7 |
_aDerechos humanos- _zPaíses árabes. _9163365 |
|
| 700 | 1 |
_aMartín Muñoz, Gema. _977583 |
|
| 700 | 1 |
_aRemiro Brotóns, Antonio. _996134 |
|
| 710 | 2 |
_aAgencia Española de Cooperación Internacional. _91266 |
|
| 710 | 2 |
_aInstituto de Cooperación con el Mundo Árabe. _9163366 |
|
| 830 | 1 |
_aPolítica árabe contemporánea ; _v4 _9225563 |
|
| 852 |
_aES-MaACL _jL-31777 |
||
| 999 |
_c187454 _d187454 |
||